Tvorba modelu dopravy v meste

Salvato in:
Dettagli Bibliografici
Autore principale: Janica, Jakub (Autore)
Altri autori: Sekaj, Ivan (Relatore della tesi)
Natura: Manoscritto Libro
Lingua:slovacco
Pubblicazione: Bratislava : STU v Bratislave FEI, 2025
Soggetti:
Accesso online:https://opac.crzp.sk/?fn=detailBiblioFormChildC59QO&sid=8D80AD18777FCC7F65B5B44DC29E&seo=CRZP-detail-kniha
Tags: Aggiungi Tag
Nessun Tag, puoi essere il primo ad aggiungerne!!

MARC

LEADER 00000ntm a22000003a 4500
001 stuzp102251
003 SK-STU
005 20260210090939.2
007 ta
008 150427s2015----xo-----f-mn---000-0-slo-d
040 |a STU  |b slo 
041 0 |a slo 
044 |a xo 
100 1 |a Janica, Jakub  |u 031000  |4 aut  |U FEI Fakulta elektrotechniky a informatiky  |T FEI Ústav robotiky a kybernetiky  |X 120525  |U E011  |Y 356  |7 120525 
242 0 1 |a City Traffic Model Design  |y eng 
245 1 0 |a Tvorba modelu dopravy v meste 
260 |a Bratislava :  |b STU v Bratislave FEI,  |c 2025 
300 |a 48 s. 
650 4 |a dopravný model  |2 slo 
650 4 |a simulácia  |2 slo 
650 4 |a umelá inteligencia  |2 slo 
650 4 |a genetický algoritmus  |2 slo 
650 4 |a traffic model  |2 eng 
650 4 |a simulation  |2 eng 
650 4 |a genetic algorithm  |2 eng 
650 4 |a artificial intelligence  |2 eng 
700 1 |a Sekaj, Ivan  |u 031000  |k Z1  |4 ths  |U FEI Fakulta elektrotechniky a informatiky  |T FEI Ústav robotiky a kybernetiky  |X 4946  |U E011  |Y 356  |7 A000004946 
856 4 |u https://opac.crzp.sk/?fn=detailBiblioFormChildC59QO&sid=8D80AD18777FCC7F65B5B44DC29E&seo=CRZP-detail-kniha